| 000 | 00463nam a22001817a 4500 | ||
|---|---|---|---|
| 003 | CEME | ||
| 005 | 20210628202820.0 | ||
| 008 | 210118b xxu||||| |||| 00| 0 eng d | ||
| 020 | _a81-7473-250-0 | ||
| 040 | _c. | ||
| 082 | _a658.4012 SIN | ||
| 100 |
_aSingh, S.P _929244 |
||
| 245 | _aCorporate strategy | ||
| 260 |
_aNEW DELHI _bA.I.T.B.S PUBLISHER _c2004 |
||
| 300 | _a280 P | ||
| 650 |
_aCORPORATE STRATEGY.STRATEGY PLANNING. _961764 |
||
| 942 |
_cBK _2ddc |
||
| 999 |
_c571103 _d571103 |
||